| 000 | 00520nam a2200169Ia 4500 | ||
|---|---|---|---|
| 999 |
_c29859 _d29859 |
||
| 003 | OSt | ||
| 005 | 20201201101019.0 | ||
| 008 | 190216s9999||||xx |||||||||||||| ||und|| | ||
| 040 | _coclc | ||
| 082 |
_a894.8124 _bSRE/F |
||
| 100 |
_aSreedharan, A M _96539 |
||
| 245 | 0 |
_aFoklore : _bSameepanangalum Sadhyadakalum / _cA M Sreedharan |
|
| 260 |
_bMalayala Padana Gaveshana Kendram, _c2009. _aThrissur: |
||
| 300 | _a208p | ||
| 650 | _aLekhanam | ||
| 942 |
_cBK _2ddc _h894.8124 _iSRE/F _k894.8124 _mSRE/F |
||